Normal view MARC view
  • Psicoanálisis de grupo

Entry Materia

Number of records used in: 12

001 - NÚMERO DE CONTROL DEL REGISTRO

  • campo de control: 45976

003 - IDENTIFICADOR DE NUMERO DE CONTROL

  • campo de control: UPN

005 - FECHA Y HORA DE LA ÚLTIMA TRANSACCIÓN

  • campo de control: 20230322154513.0

008 - DATOS DE LONGITUD FIJA

  • campo de control de longitud fija: 220831|| acn||babn a a|a d

040 ## - FUENTE DE LA CATALOGACIÓN

  • Centro catalogador de origen: UPN

046 ## - FECHAS CON CODIFICACIÓN ESPECIAL

  • Fecha final para contenidos agregados: 220831

150 ## - ENCABEZAMIENTO - TEMÁTICO

  • Término de materia o nombre geográfico como elemento inicial: Psicoanálisis de grupo

450 ## - VÉASE - MATERIA

  • Encabezamiento temático: Psicoanálisis en grupo

670 ## - FUENTE EN LA QUE SE LOCALIZARON DATOS

  • Cita de la fuente: LEMB, 1998:
  • Información localizada: p. 864 (Psicoanálisis de grupo)

902 ## - CATALOGADOR

  • Catalogador: Víctor Ruiz/220323